000 00345nam a2200145Ia 4500
008 230718s9999 xx 000 0 und d
041 _aEng.
082 _a396.6
_bKHA-P
100 _aKhan, Munis Ahmed
245 0 _aPrincipals of Muhammder
260 _aPakistan
_bIndern law book house
_c2008
300 _a811
650 _aLaw
999 _c26577
_d26577